• 首页
  • 本馆介绍
  • 公告通知
  • 最新文献
  • 馆藏检索
  • 电子资源
  • 读者导购
  • 参考咨询
  • 我的图书馆
  • 登录
  • 详细信息显示
  • 放入我的书架
  • 预约/预借图书
  • 作者相关作品
  • 分类相关作品
  • 丛书相关作品
  • 出版社相关作品

书目信息

  • 表格格式
  • 工作单格式
  • 卡片格式
题名:
迪斯科舞蹈入门
    
 
作者: 卢斯特加登 著 ;梁姗 , 蔚子 译
分册:  
出版信息: 北京   人民体育出版社  1987.12
页数: 128页
开本: 26cm
丛书名:
单 册:
中图分类: J732.9
科图分类:
主题词: 舞蹈艺术--世界 , 舞蹈艺术--各国 , 舞剧--艺术--世界 , 舞剧--各国--艺术
电子资源:
ISBN:
000 00706nam0 2200253 45
001 0312221749
005 20040509173748.4
010    @dCNY1.40
100    @a20031222d1987 km y0chiy0120 ea
101    @achi
105    @a z 000yy
200 1  @a迪斯科舞蹈入门@ADi Si Ke Wu Dao Ru Men@f(美)凯伦·卢斯特加登著@F(Mei)Kai Lun·Lu Si Te Jia Deng Zhu@g梁姗,蔚子译
210    @a北京@c人民体育出版社@d1987.12
215    @a128页@d26cm
606 0  @a舞蹈艺术@x世界
606 0  @a舞蹈艺术@y各国
606 0  @a舞剧@x艺术@x世界
606 0  @a舞剧@y各国@x艺术
690    @aJ732.9@v3
701 0  @a卢斯特加登@4著
702 0  @a梁姗@4译
702 0  @a蔚子@4译
801    @aCN@bTSTCL@c20031222
905    @dJ732.9@e19
    
    迪斯科舞蹈入门/(美)凯伦·卢斯特加登著/梁姗,蔚子译.-北京:人民体育出版社,1987.12
    128页;26cm
    
    
    ISBN :CNY1.40
    
●
相关链接 在E读中查询图书 在五车中查询图书 在当当中查询图书 在豆瓣中查询图书


正题名:迪斯科舞蹈入门     索取号:J732.9/19         预约/预借

序号 登录号 条形码 馆藏地/架位号 状态 备注
1 0246220   001224393   密集书库/ [索取号:J732.9/19] 在馆    
2 0246221   001224400   密集书库/ [索取号:J732.9/19] 在馆    
3 0246222   001224366   第一借阅区/ [索取号:J732.9/19] 在馆    
4 0246223   001224384   密集书库/ [索取号:J732.9/19] 在馆    
5 0246224   001224339   第一样本阅览室/ [索取号:J732.9/19] 在馆    
唐山师范学院图书馆 欢迎您!
大连网信软件有限公司© 版权所有